00728nam a2200169 a 450000100100000000500170001000800410002702000150006804000250008310000300010824502210013826000990035930000210045850400280047970000290050770000220053600004199720201002035856.0131029s1989 sp 000 0 spa d a8400069501 aDO-SdBNPbspacBNPHU1 aGarcía Arenal, Mercedes10aRepertorio Bibliográfico de las Relaciones entre la Península Ibérica y el Norte de África. :b(siglos XV-XVI), fuentes y bibliografía /cMercedes García Arenal, Miguel Ángel de Bunes, Victoria Aguilar. aMadrid, :bConsejo Superior de Investigaciones CientíficasbInstituto de Filología,c1989. a303 p. ;c24 cm. aBibliografía p: 75-841 aBunes, Miguel Ángel de1 aAguilar, Victoria